[Event "Sandefjord Caissa CC-chA"]
[Site "Sandefjord"]
[Date "2020.02.10"]
[Round "4"]
[White "Johansen, Vidar"]
[Black "Hansen, Rune Vik"]
[Result "1-0"]
[WhiteElo "1803"]
[BlackElo "1964"]
[PlyCount "43"]
[EventDate "2020.01.13"]
[EventType "tourn"]
[EventRounds "11"]
[EventCountry "NOR"]
[SourceTitle "EXT 2024"]
[Source "ChessBase"]
[SourceDate "2023.10.10"]
[SourceVersion "1"]
[SourceVersionDate "2023.10.10"]
[SourceQuality "1"]

1. e4 c5 2. Nf3 Nc6 3. Bb5 g6 4. 0-0 Bg7 5. Re1 Qc7 6. c3 Ne5 7. Nxe5 Bxe5 8. d4 cxd4 9. cxd4 Bxh2+ 10. Kh1 a6 11. Bf1 Bf4 12. Nc3 e6 13. e5 Bxc1 14. Rxc1 Qd8 15. Ne4 d5 16. Nd6+ Kf8 17. Qc2 Qh4+ 18. Kg1 Ne7 19. Qc7 Kg7 20. g3 Qg4 21. Kg2 Nf5 22. Nxc8 1-0

[Event "Sandefjord Caissa Spring A"]
[Site "Sandefjord"]
[Date "2019.05.13"]
[Round "9"]
[White "Johansen, Vidar"]
[Black "Walseth, Tron"]
[Result "1/2-1/2"]
[WhiteElo "1803"]
[BlackElo "1971"]
[PlyCount "60"]
[EventDate "2019.01.21"]
[EventType "tourn"]
[EventRounds "9"]
[EventCountry "NOR"]
[SourceTitle "EXT 2024"]
[Source "ChessBase"]
[SourceDate "2023.10.10"]
[SourceVersion "1"]
[SourceVersionDate "2023.10.10"]
[SourceQuality "1"]

1. e4 c5 2. Nf3 d6 3. Bb5+ Bd7 4. Bxd7+ Qxd7 5. 0-0 Nf6 6. Qe2 e6 7. Rd1 Nc6 8. d4 cxd4 9. Nxd4 a6 10. a4 Be7 11. c4 0-0 12. Nc3 h6 13. Be3 Rac8 14. b3 Na5 15. Rab1 Qc7 16. Rdc1 Rfd8 17. h3 b6 18. f3 Nd7 19. Qf2 Bf6 20. Nce2 Nc5 21. Rd1 e5 22. Nf5 Naxb3 23. Rxb3 Nxb3 24. Bxb6 Qb7 25. Rxd6 Rd7 26. Rxf6 Rd1+ 27. Kh2 Nd2 28. Rd6 Nf1+ 29. Kh1 Ng3+ 30. Kh2 Nf1+ 1/2-1/2